Theory of probability and its applications

Αποθηκεύτηκε σε:
Λεπτομέρειες βιβλιογραφικής εγγραφής
Συγγραφή απο Οργανισμό/Αρχή: Society for Industrial and Applied Mathematics
Μορφή: Περιοδική έκδοση
Γλώσσα:English
Δημοσίευση: Philadelphia : Society for Industrial and Applied Mathematics, 1956-
Θέματα:
Ετικέτες: Προσθήκη ετικέτας
Δεν υπάρχουν, Καταχωρήστε ετικέτα πρώτοι!

MARC

LEADER 00000cas a2200000 i 4500
001 1/30830
008 030120c19569999 eng
022 |a 0040585X 
035 |l 10069050 
040 |a GR-MY-UA  |b gre  |e aacr 
041 0 |a eng 
082 0 |a 519.105 
245 1 0 |a Theory of probability and its applications  |h [περιοδικό] 
246 3 3 |a SIAM theory of probability and its applications 
260 |a Philadelphia :   |b Society for Industrial and Applied Mathematics,   |c 1956- 
300 |a v.;  |b ill.;  |c 26 cm. 
310 |a Quarterly 
500 |a Translation of the Soviet Journal Teoriya Veroyantostei i ee Primeneniya 
650 0 0 |a Probabilities  |x Periodicals. 
710 2 |a Society for Industrial and Applied Mathematics. 
922 |a 3ΕΛΗ  |b 198603  |c ΚΕΝΤΡΙΚΗ ΒΙΒΛΙΟΘΗΚΗ  |d BUMBUS